Tafsīr al-āyāt al-kawnīyah fī al-Qurʼān al-karīm /

Saved in:
Bibliographic Details
Main Author: Najjār, Zaghlūl Rāghib Muḥammad.
Format: Book
Language:Arabic
Published: al-Qāhirah : Maktabat al-Shurūq al-Dawlīyah, 2007-
Edition:al-Ṭabʻah 1.
Subjects:
Tags: Add Tag
No Tags, Be the first to tag this record!
LEADER 01327cam a2200337Ia 4500
001 010683065-1
005 20080425154515.0
008 070602m20079999ua a b 000 0 ara d
020 |a 9770920061 
020 |a 9789770920060 
035 0 |a ocn173605010 
040 |a LEILA  |c LEILA  |d YUS 
050 4 |a BP134.C6  |b N355 2007 
100 1 |6 880-01  |a Najjār, Zaghlūl Rāghib Muḥammad. 
245 1 0 |6 880-02  |a Tafsīr al-āyāt al-kawnīyah fī al-Qurʼān al-karīm /  |c Zaghlūl Rāghib Muḥammad al-Najjār. 
250 |6 880-03  |a al-Ṭabʻah 1. 
260 |6 880-04  |a al-Qāhirah :  |b Maktabat al-Shurūq al-Dawlīyah,  |c 2007- 
300 |a v. :  |b col. ill. ;  |c 25 cm. 
504 |a Includes bibliographic references (p. 567-584). 
650 0 |a Islamic cosmology  |x Qurʼanic teaching. 
650 0 |a Islamic cosmology. 
650 0 |a Creation (Islam)  |x Qurʼanic teaching. 
650 0 |a Qurʼan and science. 
630 0 0 |a Qurʼan  |x Theology. 
752 |a Egypt  |d Cairo. 
880 1 |6 100-01  |a نجار، زغلول راغب محمد. 
880 1 0 |6 245-02  |a تفسير الآيات الكونية في القرآن الكريم /  |c زغلول راغب محمد النجار. 
880 |6 250-03  |a الطبعة 1. 
880 |6 260-04  |a القاهرة :  |b مكتبة الشروق الدولية،  |c 2007- 
988 |a 20070723 
906 |0 OCLC